Round - Up 6. Teacher's Guide

Dades bibliogràfiques
Autor principal: Evans V. Virginia
Sumari:English Grammar Book
Idioma:anglès
Publicat: Harlow, Longman, 2004
Edició:4th ed.
Matèries:
Format: Llibre
KOHA link:https://koha.lib.tpu.ru/cgi-bin/koha/opac-detail.pl?biblionumber=83861

MARC

LEADER 00000nam0a2200000 4500
001 83861
005 20231031100348.0
010 |a 058282348X 
035 |a (RuTPU)RU\TPU\book\90161 
035 |a RU\TPU\book\90160 
090 |a 83861 
100 |a 20051024d2004 m y0engy50 ba 
101 0 |a eng 
102 |a GB 
105 |a a j 000zy 
200 1 |a Round - Up 6. Teacher's Guide  |f V. Evans 
205 |a 4th ed. 
210 |a Harlow  |c Longman  |d 2004 
215 |a 80 p.  |c il. 
300 |a English Grammar Book 
610 1 |a английский язык 
610 1 |a учебные пособия 
610 1 |a грамматика 
610 1 |a упражнения 
610 1 |a тесты 
686 |a Ш143.21-923.2  |v LBC/SL-A  |2 rubbk 
700 1 |a Evans  |b V.  |g Virginia 
801 1 |a RU  |b 63413507  |c 20051024  |g PSBO 
801 2 |a RU  |b 63413507  |c 20170324  |g PSBO 
942 |c BK